Struggle for Narmada: An oral history of the Narmada Bachao Andolan, by adivasi leaders Keshavbhau and Kevalsingh vasave (Record no. 7744)

MARC details
000 -LEADER
fixed length control field 00550nam a2200169Ia 4500
008 - FIXED-LENGTH DATA ELEMENTS--GENERAL INFORMATION
fixed length control field 230917s9999||||xx |||||||||||||| ||und||
020 ## - ISBN
Price RS 915.00
040 ## - CATALOGING SOURCE
-- 5014317
Original cataloging agency VIVEKANANDA LIBRARY
041 ## - Language
-- English
082 ## - DDC NUMBER
Classification number 333.913095479 O1S
100 ## - MAIN ENTRY--PERSONAL NAME
Personal name Oza, Nandini
245 #0 - TITLE STATEMENT
Title Struggle for Narmada: An oral history of the Narmada Bachao Andolan, by adivasi leaders Keshavbhau and Kevalsingh vasave
260 ## - PUBLICATION, DISTRIBUTION, ETC. (IMPRINT)
Place of publication, distribution, etc New Delhi
Name of publisher, distributor, etc Orient Blackswan
Date of publication, distribution, etc 2022
300 ## - PHYSICAL DESCRIPTION
Pages xlvi, 273 p.
500 ## - GENERAL NOTE
General note 4896 23/12/2022 HBD23/9666 19/01/2023 Main Budget
942 ## - ADDED ENTRY ELEMENTS (KOHA)
Koha item type Books
Holdings
Withdrawn status Lost status Damaged status Not for loan Location (home branch) Sublocation or collection (holding branch) Date acquired Koha issues (times borrowed) Koha full call number Accession No. Koha date last seen Koha item type
        VIVEKANANDA LIBRARY VIVEKANANDA LIBRARY 13/02/2023   333.913095479 O1S 407063 17/09/2023 Books
© Designed and Maintained by Vivekananda Library, MDU Rohtak